| 000 | 00696nam a2200205Ia 4500 | ||
|---|---|---|---|
| 003 | GCL | ||
| 008 | 140319s9999 xx 000 0 ara d | ||
| 040 |
_aGCL / _cGCL |
||
| 082 | 0 | 4 |
_a658.05 _bا ج |
| 100 | 1 | _aجوردن مانكروفت | |
| 245 | 1 | 0 |
_aالرياضيات والاحصاء لدراسات المحاسبة وادارة الاعمال / _cجوردن مانكروفت |
| 700 | 1 | _aجورج ارسليفان | |
| 700 | 1 | _aجمال سامى مقدس | |
| 260 |
_a[S.N] : _bماجروهيل للنشر ، _c1984 |
||
| 300 | _a362 ص | ||
| 490 |
_aالسلسلة الشعرية الثانية _v0 |
||
| 650 | 0 | 4 | _aالرياضيات |
| 650 | 0 | 4 | _aالاحصاء |
| 942 |
_2ddc _cBK |
||
| 999 |
_c54413 _d54413 |
||